| 000 | 01005nam a22003017a 4500 | ||
|---|---|---|---|
| 001 | 0004570 | ||
| 003 | DO-SdBPM | ||
| 005 | 20250807142429.0 | ||
| 008 | 160601b 1994 sp | |||| 00| 0 spa d | ||
| 020 | _a8401491827 | ||
| 040 |
_aDO-SdBPM _bspa _cBPMSU _erda |
||
| 082 | 4 |
_a813 _bA565h 1994 _222 |
|
| 100 | 1 |
_aAndrews, Virginia Cleo, _d1923-1986. _eautor |
|
| 245 | 1 | 0 |
_aHija del crepusculo / _cV. C. Andrews ; traducción de Antonia Kerrigan. |
| 264 |
_aBarcelona : _bPlaza & Janés, _c1994. |
||
| 300 |
_a389 páginas ; _b18 cm. |
||
| 336 |
_atexto _btxt _2rdacontent |
||
| 337 |
_asin mediación _bn _2rdamedia |
||
| 338 |
_avolumen _bnc _2rdacarrier |
||
| 490 | 0 |
_aJet de Plaza & Janés _v182/14 |
|
| 534 |
_pTítulo original. _tTwilight's child. |
||
| 590 | _aInventariado, 2025/VM | ||
| 650 | 7 | _aNovela estadounidense. | |
| 650 | 7 | _aNovela amorosa estadounidense. | |
| 700 | 1 |
_aKerrigan, Antonia, _etraductora |
|
| 910 | _aVMateo V. Control de calidad. BPMSU | ||
| 942 |
_2ddc _cBK |
||
| 999 |
_c10257 _d10257 |
||